Law relating to building and engineering contracts in India: including the duties and functions of architects, engineers and surveyors (Record no. 64394)

MARC details
000 -LEADER
fixed length control field 00486nam a2200157Ia 4500
008 - FIXED-LENGTH DATA ELEMENTS--GENERAL INFORMATION
fixed length control field 230917s9999||||xx |||||||||||||| ||und||
040 ## - CATALOGING SOURCE
-- 35213
Original cataloging agency VIVEKANANDA LIBRARY
041 ## - Language
-- English
082 ## - DDC NUMBER
Classification number 346.023 G129L
100 ## - MAIN ENTRY--PERSONAL NAME
Personal name Gajria, G T
245 #0 - TITLE STATEMENT
Title Law relating to building and engineering contracts in India: including the duties and functions of architects, engineers and surveyors
250 ## - EDITION STATEMENT
Edition statement 3rd ed.
260 ## - PUBLICATION, DISTRIBUTION, ETC. (IMPRINT)
Place of publication, distribution, etc Bombay
Name of publisher, distributor, etc N M Tripathi
Date of publication, distribution, etc 1988
300 ## - PHYSICAL DESCRIPTION
Pages xxviii, 147 p.
942 ## - ADDED ENTRY ELEMENTS (KOHA)
Koha item type Books
Holdings
Withdrawn status Lost status Damaged status Not for loan Location (home branch) Sublocation or collection (holding branch) Date acquired Koha issues (times borrowed) Koha full call number Accession No. Koha date last seen Koha item type
        VIVEKANANDA LIBRARY VIVEKANANDA LIBRARY 29/08/2002   346.023 G129L 136540 17/09/2023 Books
© Designed and Maintained by Vivekananda Library, MDU Rohtak